Del buho a los gorriones. Ensayos sobre la post-modernidad

Zapisane w:
Opis bibliograficzny
1. autor: Jiménez, Alexander (compilador)
Format: Książka
Język:Undetermined
Wydane: San José, Costa Rica Guayacán 1993
Hasła przedmiotowe:
Etykiety: Dodaj etykietę
Nie ma etykietki, Dołącz pierwszą etykiete!

MARC

LEADER 00000nam a2200000Ia 4500
008 170316s9999 xx 000 0 und d
999 |c 1205  |d 1205 
020 |a 9977-931-12-7 
040 |a cru BVZT 
090 |a 100 J-9d 
100 |a Jiménez, Alexander (compilador) 
245 |a Del buho a los gorriones. Ensayos sobre la post-modernidad  |c / Alexander Jiménez, (compilador) 
260 |a San José, Costa Rica  |b Guayacán  |c 1993 
300 |a 80 páginas 
650 |a FILOSOFÍA  |9 5 
650 0 |a FILOSOFÍA COSTARRICENSE  |9 2 
650 0 |a FILOSOFÍA MODERNA  |9 91 
650 0 |a ENSAYOS  |9 146 
942 |c 15 D  |h 100 J-9d  |2 z